Missing Word: Tommy Lee Jones Quiz Stats

 Plays Quiz Updated May 6, 2013

Support Sporcle.
Go Orange.
Score 0/16 Timer 03:00
1 Play Today
Movie Missing Word % Correct
Men in _____Black
95.2%
Natural _____ KillersBorn
94.8%
No _____ for Old MenCountry
91.4%
_____ Miner's DaughterCoal
86.8%
_____ JeopardyDouble
86.5%
_____ of EngagementRules
84.9%
_____ America: The First AvengerCaptain
80%
Black _____ RisingMoon
61.8%
Movie Missing Word % Correct
Batman _____Forever
57.4%
Heaven & _____Earth
56.4%
Space _____Cowboys
52.6%
A Prairie _____ CompanionHome
50.7%
U.S. _____Marshals
42.2%
The Company _____Men
31.4%
In the Valley of _____Elah
19.3%
In the _____ MistElectric
5.3%

Today's Daily Dose

Missing Word
Inventors

Word Ladder
Feud Chain

Get the Picture
Domestic Movie Titles

From the Vault

Addams Family Members

by dldove77

If you guess a Munster in this quiz, you should be ashamed of yourself.
Remove Ads.
Support Sporcle.
Get the best of Sporcle when you Go Orange. This ad-free experience offers more features, more stats, and more fun while also helping to support Sporcle. Thank you for becoming a member.

Show Comments

Extras

Top Quizzes Today


Score Distribution

Your Account Isn't Verified!

In order to create a playlist on Sporcle, you need to verify the email address you used during registration. Go to your Sporcle Settings to finish the process.

Report this User

Report this user for behavior that violates our Community Guidelines.

Details: